| 000 | 00515nam a22001697a 4500 | ||
|---|---|---|---|
| 999 |
_c8584 _d8584 |
||
| 008 | 201207b ||||| |||| 00| 0 eng d | ||
| 040 | _aBMS College of Architecture | ||
| 100 | _aDaniel, Jacob David | ||
| 245 | _aSouk AI ardiya Kuwit | ||
| 300 | _a45p. | ||
| 500 | _a1BM13AT083 | ||
| 502 |
_8B,Arch _NBMS College of Architecture, Visvesvaraya Technological University (VTU) _aProject report _d2017 |
||
| 650 | _aKuwit | ||
| 700 |
_aKakshayini R Patil _eGuide |
||
| 700 |
_aJoseph Alwin _eGuide |
||
| 942 |
_2ddc _cTHE |
||